000 02366nam a2200469 i 4500
001 000015513
003 DO-SdBNP
005 20250411123559.0
007 ta
008 100211t1988 dr ach 001 0bspa d
040 _aDO-SdBNP
_bspa
_cBNPHU
_erda
041 _aspa
049 _a
082 4 _a970.015
_bC719d
_222
100 _aColón, Cristóbal
_d1436-1456
_eautor
_4aut.
_919795
245 1 0 _aDiario de navegación y otros escritos /
_cCristobal Colón ; estudio preliminar Joaquín Balaguer, Ramón Menéndez Pidal ; notas Carlos Esteban Deive ; edición al cuidado de Andrés Blanco Díaz.
264 1 _aSanto Domingo :
_bEdiciones de la Fundación Corripio,
_c1988.
300 _a370 páginas :
_bilustraciones, facsímil., retratos ;
_c24 cm.
336 _atexto
_btxt
_2rdacontent
337 _asin mediación
_bn
_2rdamedia
338 _avolumen
_bnc
_2rdacarrier
490 1 _aBiblioteca de Clásicos Dominicanos ;
_v1
490 1 _aLos precursores ;
_v1
500 _aIncluye bibliografía y notas al pie de las páginas.
500 _aIncluye cronología de los viajes.
500 _aLa biblioteca posee la reimpresión del 1994
504 _aBibliografía : p. 363-367.
505 0 _gEn los umbrales de una colección /
_rManuel Rueda --
_gEstudios preliminares :
_tCristóbal Colón, precursor literario /
_rJoaquín Balaguer --
_tLa lengua de Cristóbal Colón /
_rRamón Menéndez Pidal --
_gTextos colombinos :
_tNotas /
_rCarlos Esteban Deive --
_gCronología --
_gNota bibliográfica.
590 _aInventariado,2020/VM
600 1 0 _aColón, Cristóbal
_d1451-1506
_xDiarios
_918589
600 1 0 _aColón, Cristobal
_d1451-1506
_xViajes
_918590
650 1 4 _aExploradores
_zAmérica.
_vDiarios.
_977557
650 1 4 _aExploradores
_zEspaña.
_vDiarios.
_977558
651 4 _aAmérica --
_xDescubrimiento y exploración --
_xEspañoles
_9544
_v Ensayo, conferencias, etc.
700 1 _a Balaguer, Joaquín,
_d1906-2002
_eestudio preliminar
_4est. prelim.
_976556
700 1 _aMenéndez Pidal, Ramón,
_d1869-1968
_eestudio preliminar
_4est. prelim.
_93902
700 1 _aDeive, Carlos Esteban,
_d1935-2019
_enotas
_4not
_91916
700 1 _aBlanco Díaz, Andrés
_eedición
_4ed.
_9172
830 0 _aBiblioteca de Clásicos Dominicanos ;
_n1
_pLos precursores ;
_986826
910 _aVMateo / Validado. Control de calidad EMS.
942 _2ddc
_cLBS1
999 _c15069
_d15069